♫ "My Play" - Lyrics - AJR ♫ - Statistics

General Stats
  • This quiz has been taken 54 times
  • The average score is 263 of 322
Answer Stats
Lyric % Correct
a
100%
I
100%
my
100%
play
100%
put
100%
house
97%
in
97%
In
97%
old
97%
on
97%
the
97%
when
97%
you
97%
You
97%
an
93%
and
93%
And
93%
it
93%
it)
93%
it's
93%
It's
93%
Show
93%
show
93%
both
90%
Dad
90%
Dad,
90%
if
90%
If
90%
Mom
90%
couch
87%
out
87%
out,
87%
basement
83%
(Basement)
83%
do
83%
don't
83%
found
83%
jumpin'
83%
just
83%
really,
83%
really
83%
seats
83%
sold
83%
spaceship
83%
they
83%
wanna
83%
be
80%
'Cause
80%
cold
80%
not
80%
okay
80%
same
80%
twice
80%
up
80%
want
80%
another
77%
bother?
77%
But
77%
could
77%
everything
77%
everything,
77%
for
77%
know
77%
lately
77%
lights
77%
love
77%
one
77%
outgrew
77%
Puttin'
77%
Wonder
77%
At
73%
cape,
73%
dies,
73%
fuckin'
73%
go
73%
hard
73%
place
73%
wasted
73%
worked
73%
Dad's
70%
did
70%
faked
70%
(Faked
70%
Haven't
70%
is
70%
Let
70%
lookin'
70%
lover
70%
me
70%
new
70%
now,
70%
now
70%
own
70%
seen
70%
start
70%
this
70%
what
70%
you're
70%
complicated
67%
Tell
67%
faces
63%
(Faces)
63%
I'm
63%
sayin'
63%
smilin'
63%
we
63%
We
63%
bad
60%
hour
60%
sour
60%
been
57%
cowards
57%
flowers
57%
hold
57%
I'll
57%
might
57%
that
57%
then
57%
we're
57%
Before
53%
dates,
53%
gonna
53%
great
53%
Guess
53%
I've
53%
pretend
53%
Will
53%
bringin'
50%
didn't
50%
get
50%
'til
50%
Tryna
50%
all
47%
make
47%
mistake?
47%
forget
43%
maybe
43%
through
43%
watchin'
40%
While
40%
you'll
40%
No matching quizzes found
Score Distribution
Percent of People with Each Score
Percentile by Number Answered
Your Score History
You have not taken this quiz